000 00482nam a22001697a 4500
003 BD-ChCU
005 20260208113941.0
008 260208b bg ||||| |||| 00| 0 ben d
040 _cBD-ChCU
082 _a330.973 TAM
100 _aTannenbaum , Frank.
_920159
245 _aThe maxican agrarian revolution ./
_cFrank , Tannenbaum .
260 _aNew York :
_bMacmillan ,
_cC 1929
300 _axvi , 543p
650 0 _aU .S. - Economic Conditions .
_920161
942 _2ddc
_cBK
_n0
999 _c111516
_d111516